Decarbonising UK real estate: (Record no. 121283)

MARC details
000 -LEADER
fixed length control field 01491nam a22002897a 4500
001 - CONTROL NUMBER
control field 121283
008 - FIXED-LENGTH DATA ELEMENTS--GENERAL INFORMATION
fixed length control field 221228s2022 xxk|||||o|||| 00| 0 eng d
020 ## - INTERNATIONAL STANDARD BOOK NUMBER
ISBN 9781783214884
041 ## - LANGUAGE CODE
Language code of text/sound track or separate title eng
100 ## - MAIN ENTRY--PERSONAL NAME
Personal author Varriale, Fabrizio
110 ## - MAIN ENTRY--CORPORATE NAME
Corporate author Royal Institution of Chartered Surveyors
245 ## - TITLE STATEMENT
Title Decarbonising UK real estate:
Subtitle Recommendations for policy reform
Medium [Electronic resource]
260 ## - PUBLICATION INFORMATION
Place of publication London,
Publisher Royal Institution of Chartered Surveyors,
Date November 2022
300 ## - PHYSICAL DESCRIPTION
Physical description 42p.
490 ## - SERIES TITLE
Series statement RICS Policy Paper
500 ## - GENERAL NOTE
General note Removed from RICS.org on publication of the 2023 addendum ISBN 9781783215096
520 ## - ABSTRACT
Abstract This report outlines the main policy reforms needed to accelerate the reduction of both embodied and operational carbon emissions arising from real estate in line with national decarbonisation targets.Through the Nationally Determined Contribution and the amended Climate Change Act 2008, the UK has committed to reducing its emissions by at least 68% by 2030 (in comparison to 1990 levels), and to reach net zero carbon by 2050
650 ## - KEYWORDS
Keywords CLIMATE CHANGE ACT 2008
650 ## - KEYWORDS
Keywords NET ZERO
650 ## - KEYWORDS
Keywords DECARBONISATION
651 ## - SUBJECT ADDED ENTRY--GEOGRAPHIC NAME
Geographic name United Kingdom
690 ## - BROAD SUBJECT
9 (RLIN) 6238
Broad subject Environment
690 ## - BROAD SUBJECT
9 (RLIN) 6307
Broad subject Built Environment
710 ## - ADDED CORPORATE NAME
Added corporate author Royal Institution of Chartered Surveyors
856 ## - ONLINE RESOURCE
Uniform Resource Identifier <a href="https://www.rics.org/profession-standards/knowledge-and-information-services/document-delivery-and-o">https://www.rics.org/profession-standards/knowledge-and-information-services/document-delivery-and-o</a>
Public note email [email protected] to request a copy
942 ## - ADDED ENTRY ELEMENTS (KOHA)
Suppress in OPAC Do not suppress in OPAC
Holdings
Lost status Source of classification or shelving scheme Damaged status Not for loan Current library Shelving location Date acquired Total Checkouts Full call number Date last seen Price effective from Koha item type Public note
  Dewey Decimal Classification     Virtual Online 28/12/2022   SCAN 10/11/2023 28/12/2022 Online material Please contact [email protected] to request a digital copy